书目信息 |
| 题名: |
中国人的管理智慧
|
|
| 作者: | 罗家德 著 | |
| 分册: | ||
| 出版信息: | 北京 中信出版社 2007.11 |
|
| 页数: | 196页 | |
| 开本: | 20cm | |
| 丛书名: | ||
| 单 册: | ||
| 中图分类: | C93 | |
| 科图分类: | ||
| 主题词: | 管理学 | |
| 电子资源: | ||
| ISBN: | 978-7-5086-1018-4 | |
| 000 | 00561nam0 2200217 45 | |
| 001 | 0936618000 | |
| 005 | 20091101101050.79 | |
| 010 | @a978-7-5086-1018-4@dCNY30.00 | |
| 100 | @a20090515d2007 ekmy0 y0120 ea | |
| 102 | @aCN@b130000 | |
| 102 | @aCN@b110000 | |
| 105 | @ay z 000yy | |
| 200 | 1 | @a中国人的管理智慧@f罗家德著@Fluo jia de zhu |
| 210 | @a北京@c中信出版社@d2007.11 | |
| 215 | @a196页@d20cm | |
| 606 | 0 | @a管理学 |
| 690 | @aC93@v4 | |
| 701 | 0 | @a罗家德@Aluo jia de@4著 |
| 801 | 0 | @aCN@c20091101 |
| 905 | @a10447@dC93@eL940 | |
| 906 | @d30@n3@r1 | |
| 中国人的管理智慧/罗家德著.-北京:中信出版社,2007.11 |
| 196页;20cm |
| ISBN 978-7-5086-1018-4:CNY30.00 |
| ● |
| 相关链接 |
|
|
|
正题名:中国人的管理智慧
索取号:C93/L940
 
预约/预借
| 序号 | 登录号 | 条形码 | 馆藏地/架位号 | 状态 | 备注 |
| 1 | 656311 | 206563119 | 社科库509/509社科库 63排5列4层/ [索取号:C93/L940] | 在馆 | |
| 2 | 656312 | 206563128 | 社科库509/509社科库 63排5列4层/ [索取号:C93/L940] | 在馆 | |
| 3 | 656313 | 206563137 | 社科库509/509社科库 63排5列4层/ [索取号:C93/L940] | 在馆 |